MESTSKÁ KNIŽNICA GIRALTOVCE  - online katalóg 

Pravidlá štíhlosti (Record no. 21129)

000 -NÁVESTIE
fixed length control field 00364nam a2200157 4500
008 - ÚDAJE S PEVNOU DĹŽKOU – VŠEOBECNÉ INFORMÁCIE
fixed length control field 160927s ||||xo d
020 ## - MEDZINÁRODNÉ ŠTANDARDNÉ ČÍSLO KNIHY (ISBN)
Medzinárodné štandardné číslo knihy (ISBN) 978-80-551-3651-6
Údaje o dostupnosti 3,00
041 1# - KÓD JAZYKA
Kód jazyka textu/zvukovej stopy alebo samostatných nápisov slo
044 ## - KÓD KRAJINY VYDAVATEĽA/PRODUCENTA
Kód krajiny MARC xo
Kód krajiny ISO SK
100 1# - OSOBNÉ MENÁ – VŠEOBECNÉ INFORMÁCIE
Osobné meno Harper Bob
-- 15
245 10 - NÁZOV
Názov Pravidlá štíhlosti
250 ## - ÚDAJ O PORADÍ VYDANIA
Údaj o poradí vydania 1. vydanie
300 ## - FYZICKÝ POPIS
Rozsah 305 s.
700 1# - PRIDANÝ VSTUP – OSOBNÉ MENO
Osobné meno Critser Greg
-- 16
958 ## - Formálny deskriptor
Formálny deskriptor A
Holdings
Stav stiahnutia (Blokovanie) (Withrawn status) Stav straty Stav poškodenia (Damaged status) Nie pre výpožičky (Not for loan) Spôsob nadobudnutia (Collection code) Trvalé umiestnenie Aktuálne umiestnenie Dátum nadobudnutia Náklady, bežná kúpna cena Inventárne číslo (prírastkové číslo) Full call number Dátum posledného výskytu Cena s účinnosťou od Typ jednotky Koha
        Kúpa Mestská knižnica Giraltovce Mestská knižnica Giraltovce 2016-09-27 3.00 19447 I1673 2019-12-12 2019-12-12 Odborná literatúra pre dospelých

Powered by Koha